Die sozialistische Schule; eine Zusammenstellung der wichtigsten gesetzlichen Bestimmungen un Dokumente /

Saved in:
Bibliographic Details
Main Author: Frenzel, René, (ed.)
Corporate Authors: Germany (East), Sozialistische Einheitspartei Deutschlands., Freier Deutscher Gewerkschaftsbund., Freie Deutsche Jugend.
Format: Book
Language:German
Published: Berlin : Deutscher Zentralverlag, 1960.
Edition:1 Aufl.
Subjects:
Tags: Add Tag
No Tags, Be the first to tag this record!
LEADER 01273nam a2200301I 4500
001 005299180-6
005 20051115182732.0
008 750114s1960 gw 000 0 ger d
010 |a a 61000271  
035 0 |a ocm01139710 
040 |a DLM  |c DLM  |d HVL 
043 |a e-ge--- 
050 4 |a T123  |b .F74 
090 |a T123  |b .F74 
100 1 |a Frenzel, René,  |e ed. 
245 1 4 |a Die sozialistische Schule;  |b eine Zusammenstellung der wichtigsten gesetzlichen Bestimmungen un Dokumente /  |c [von] R. Frenzel. 
250 |a 1 Aufl. 
260 |a Berlin :  |b Deutscher Zentralverlag,  |c 1960. 
300 |a 1 v. (in various pagings) ;  |c 15 cm. 
505 0 |a [Vorwort.--Dokumente der SED und gesetzliche Bestimmungen zur sozialistischen Schule.--Dokumente des FDGB zur sozialistischen Schule.--Dokumente er FDJ und der Pionierorganisation "Ernst Thälmann" zur sozialistischen Schule.] 
650 0 |a Technical education  |z Germany (East) 
710 1 |a Germany (East) 
710 2 |a Sozialistische Einheitspartei Deutschlands. 
710 2 |a Freier Deutscher Gewerkschaftsbund. 
710 2 |a Freie Deutsche Jugend. 
776 0 8 |i Online version:  |a Frenzel, René.  |t Sozialistische Schule.  |b 1 Aufl.  |d Berlin : Deutscher Zentralverlag, 1960  |w (OCoLC)654954109 
988 |a 20020608 
906 |0 OCLC